TERENGGANU & WILAYAH PERSEKUTUAN / (Record no. 173050)

MARC details
000 -LEADER
fixed length control field 01134nam a22003137i 4500
005 - DATE AND TIME OF LATEST TRANSACTION
control field 20190613124506.0
008 - FIXED-LENGTH DATA ELEMENTS--GENERAL INFORMATION
fixed length control field 190613t20192019my bo j 000 0 may d
020 ## - INTERNATIONAL STANDARD BOOK NUMBER
International Standard Book Number 9789670768502
Qualifying information set
Terms of availability RM299.00
International Standard Book Number 9789670768557
Qualifying information paperback
Terms of availability RM59.80
040 ## - CATALOGING SOURCE
Original cataloging agency PPAK
Language of cataloging eng
Transcribing agency PPAK
Description conventions rda
082 04 - DEWEY DECIMAL CLASSIFICATION NUMBER
Classification number 959.5
Edition number 23
090 00 - LOCALLY ASSIGNED LC-TYPE CALL NUMBER (OCLC); LOCAL CALL NUMBER (RLIN)
Classification number (OCLC) (R) ; Classification number, CALL (RLIN) (NR) 959.5
Feature heading MAR
Feature heading K
100 0# - MAIN ENTRY--PERSONAL NAME
Personal name Mariah Ahmad,
Relator term author.
245 10 - TITLE STATEMENT
Title TERENGGANU & WILAYAH PERSEKUTUAN /
Statement of responsibility, etc. MARIAH AHMAD
246 3# - VARYING FORM OF TITLE
Title proper/short title Terengganu dan Wilayah Persekutuan
264 #1 - PRODUCTION, PUBLICATION, DISTRIBUTION, MANUFACTURE, AND COPYRIGHT NOTICE
Place of production, publication, distribution, manufacture Seremban, Negeri Sembilan :
Name of producer, publisher, distributor, manufacturer GOODWILL PUBLICATIONS,
Date of production, publication, distribution, manufacture, or copyright notice 2019
Date of production, publication, distribution, manufacture, or copyright notice ©2019
300 ## - PHYSICAL DESCRIPTION
Extent iv, 96 pages :
Other physical details colour maps, chiefly colour photographs ;
Dimensions 26 cm
336 ## - CONTENT TYPE
Source rdacontent
Content type term text
337 ## - MEDIA TYPE
Source rdamedia
Media type term unmediated
338 ## - CARRIER TYPE
Source rdacarrier
Carrier type term volume
490 1# - SERIES STATEMENT
Series statement SIRI INFO ASAS NEGERI MALAYSIA
504 ## - BIBLIOGRAPHY, ETC. NOTE
Linkage Bibliography: pages 95-96
651 #0 - SUBJECT ADDED ENTRY--GEOGRAPHIC NAME
Geographic name Malaysia
General subdivision Social life and customs
Form subdivision Juvenile literature
Geographic name Terengganu (Malaysia)
General subdivision Social life and customs
Geographic name Wilayah Persekutuan (Kuala Lumpur)
General subdivision Social life and customs
830 #0 - SERIES ADDED ENTRY--UNIFORM TITLE
Uniform title Siri info asas negeri Malaysia
942 ## - ADDED ENTRY ELEMENTS (KOHA)
Source of classification or shelving scheme Dewey Decimal Classification
Koha item type Book
Holdings
Withdrawn Not for loan Current library Shelving location Date acquired Total Checkouts Total Renewals Full call number Barcode Date last seen Date last checked out Koha item type
    Perpustakaan Alor Setar Pinjaman Kanak-kanak 18/06/2019 2 1 K 959.5 MAR A01605909 25/10/2023 05/10/2023 Book
    Perpustakaan Alor Setar Pinjaman Kanak-kanak 18/06/2019     K 959.5 MAR A01605910 18/06/2019   Book
    Perpustakaan Awam Sungai Petani Pinjaman Kanak-kanak 18/06/2019 2   K 959.5 MAR A01605911 26/04/2023 19/04/2023 Book
    Perpustakaan Jitra Pinjaman Kanak-kanak 18/06/2019 1 1 K 959.5 MAR A01605912 20/11/2024 26/08/2024 Book
    Perpustakaan Langkawi Pinjaman Kanak-kanak 18/06/2019 1   K 959.5 MAR A01605913 01/06/2023 11/05/2023 Book